Fußball Allgemeinwissen (extrem) - Statistiken

Allgemein
  • Dieses Quiz wurde 157 mal gespielt
  • Das Durchschnittsergebnis liegt bei 8 aus 20
Antwortstatistiken
Frage Antwort % Korrekt
In welchem Jahr beendete Ronaldinho seine Karriere? 2018
84%
Welche Rückennummer hatte Sergio Ramos in seiner letzten Sevilla Saison vor seinem Real Madrid Wechsel? 5
80%
Wer ist der Co Trainer von Julian Nagelsmann in der deutschen Nationalmannschaft? Sandro Wagner
74%
Wann wurde Uruguay das letzte Mal Fußball Weltmeister? 1950
66%
Wer war vor Joachim Löw deutscher Nationaltrainer? Jürgen Klinsmann
58%
Wie viele Spiele war Leverkusen in der Saison 23/24 in Serie ungeschlagen? 51
57%
Welcher Spieler von Bayer Leverkusen wurde das letzte Mal Bundesliga Torschützenkönig? Stefan Kießling
55%
Wer war Arsenals Stammtorwart in der Invincible Saison 2004? Jens Lehmann
51%
Welcher Spieler knackte als Erstes die 100 Millionen Transferablöse? Gareth Bale
43%
Bei welchem Verein begann Zlatan Ibrahimovic's Profikarriere? Malmö FF
40%
Was war der höchste Karrieremarktwert von Wayne Rooney? 65 Millionen
32%
Welcher Spieler traf im EM Finale 2004 das entscheidende Tor zum Sieg Griechenlands? Angelos Charisteas
32%
Welcher Spieler hat Inter Mailand 2019 eine Ablöse von 74 Millionen gekostet? Romelu Lukaku
32%
Wer erzielte das zwischenzeitliche 0:1 im Champions League Finale 2014? Diego Godin
22%
Wie viele Millionen Euro Ablöse kostete Neymar insgesamt bei seinen 3 Transfers? 400
17%
Welcher Spieler hat die zweitmeisten Tore in Manchester United's Vereinsgeschichte? Bobby Charlton
10%
Wie viele Tore hat Lionel Messi in seiner Zeit beim FC Barcelona in Pflichtspielen erzielt? 672
9%
Welcher Spieler war der jüngste Torschütze bei seinem Debut in der EM Geschichte? Arda Güler
7%
Welcher Spieler erzielte den einzigen Hattrick der Bundesligasaison 2022/2023? Vincenzo Grifo
2%
Wer ist bei der ewigen Torschützenliste der türkischen Liga der ausländische Spieler mit den meisten Toren? Alex de Souza
1%
Keine übereinstimmenden Quizze gefunden
Verteilung der Resultate
Anzahl Personen mit jedem Resultat
Perzentil nach korrekt beantworteten Fragen
Ihre Resultats-Entwicklung
Sie haben dieses Quiz noch nicht gespielt